Supply Chain Management in the Construction Industry (Record no. 112174)
[ view plain ]
| 000 -LEADER | |
|---|---|
| fixed length control field | 02087cam a22002415a 4500 |
| 001 - CONTROL NUMBER | |
| control field | L152701 |
| 008 - FIXED-LENGTH DATA ELEMENTS--GENERAL INFORMATION | |
| fixed length control field | 110413s2010 xxk f 000 0 eng d |
| 020 ## - INTERNATIONAL STANDARD BOOK NUMBER | |
| International Standard Book Number | 9780857244161 |
| 035 ## - SYSTEM CONTROL NUMBER | |
| System control number | (Sirsi) u152701 |
| 041 0# - LANGUAGE CODE | |
| Language code of text/sound track or separate title | eng |
| 100 1# - MAIN ENTRY--PERSONAL NAME | |
| Personal name | Segerstedt, Anders |
| 245 00 - TITLE STATEMENT | |
| Title | Supply Chain Management in the Construction Industry |
| Medium | [electronic resource] |
| 260 ## - PUBLICATION, DISTRIBUTION, ETC. | |
| Name of publisher, distributor, etc. | Emerald Group Publishing |
| Date of publication, distribution, etc. | 2010 |
| 300 ## - PHYSICAL DESCRIPTION | |
| Extent | eBook |
| 520 ## - SUMMARY, ETC. | |
| Summary, etc. | This eBook concentrates on the Construction Industry and the management of its supply chains, to discuss and point to some differences and possible similarities with traditional manufacturing and its supply chains. The market of the construction company is mostly local and highly volatile. The long durability of the construction "product" contributes to the volatility. The product specification process before the customer order arrives shows different degrees of specifications: engineer to order, modify to order, configure to order, select a variant. (The common make-to-stock in traditional manufacturing does not exist.) A construction company can only execute a small part of the project by its own personnel and capacity. This is a way of risk spreading and risk mitigation and to compensate for an unstable market. If a construction company wants to establish a new concept, from ?engineer to order? to e.g. "configure to order", they must be engaged earlier in the business process and with other than usual customers, which might complicate the process. Experiences from Sweden and Swedish developments is the main source of information for the e-book. The forthcoming articles are a source of scientifically generated knowledge regarding various problems and opportunities associated with supply chain management in the project-based construction industry. |
| 590 ## - LOCAL NOTE (RLIN) | |
| Local note | KA NTK |
| 650 24 - SUBJECT ADDED ENTRY--TOPICAL TERM | |
| Topical term or geographic name entry element | EBOOK |
| 651 #4 - SUBJECT ADDED ENTRY--GEOGRAPHIC NAME | |
| Geographic name | ENGLAND AND WALES |
| 690 ## - LOCAL SUBJECT ADDED ENTRY--TOPICAL TERM (OCLC, RLIN) | |
| Topical term or geographic name as entry element | BUILT ENVIRONMENT-BUILDING MATERIALS |
| 700 1# - ADDED ENTRY--PERSONAL NAME | |
| Personal name | Olofsson, Thomas |
| 856 40 - ELECTRONIC LOCATION AND ACCESS | |
| Uniform Resource Identifier | <a href="https://www.vlebooks.com/">https://www.vlebooks.com/</a> |
| Public note | View on VLEbooks. Logins for members only from [email protected] |
| 942 ## - ADDED ENTRY ELEMENTS (KOHA) | |
| Suppress in OPAC | 0 |
| Withdrawn status | Lost status | Source of classification or shelving scheme | Damaged status | Not for loan | Home library | Current library | Shelving location | Date acquired | Total Checkouts | Full call number | Barcode | Date last seen | Copy number | Price effective from | Koha item type |
|---|---|---|---|---|---|---|---|---|---|---|---|---|---|---|---|
| Dewey Decimal Classification | Virtual | Virtual | Online | 13/04/2011 | EBOOK | 152701-1001 | 06/08/2019 | 1 | 06/08/2019 | Book |